Ek Saal (Record no. 34478)

MARC details
000 -LEADER
fixed length control field 01896ngm a2200349 4500
003 - CONTROL NUMBER IDENTIFIER
control field dpl
005 - DATE AND TIME OF LATEST TRANSACTION
control field 20100306143242.0
007 - PHYSICAL DESCRIPTION FIXED FIELD--GENERAL INFORMATION
fixed length control field DVD
008 - FIXED-LENGTH DATA ELEMENTS--GENERAL INFORMATION
fixed length control field ||||||sp199 xxu|||||c ||| 00| 0 ng d
010 ## - LIBRARY OF CONGRESS CONTROL NUMBER
LC control number DVD-006102-6106
024 ## - OTHER STANDARD IDENTIFIER
Terms of availability 69.00
035 ## - SYSTEM CONTROL NUMBER
System control number DVD-006102-6106
040 ## - CATALOGING SOURCE
Original cataloging agency DPL
Transcribing agency DPL
082 ## - DEWEY DECIMAL CLASSIFICATION NUMBER
Classification number DVD EKSA
245 ## - TITLE STATEMENT
Title Ek Saal
Statement of responsibility, etc Goyal Cine Corporation Presents
Medium [videorecording] DVD/
260 ## - PUBLICATION, DISTRIBUTION, ETC. (IMPRINT)
Name of publisher, distributor, etc Eagle Home Entertainment
300 ## - PHYSICAL DESCRIPTION
Extent 1 videodisc DVD;
Other physical details sd., col. ;
Dimensions 4 3/4 in.
Type of unit DVD
440 ## - SERIES STATEMENT/ADDED ENTRY--TITLE
Title Eagle Video Home Entertainment
538 ## - SYSTEM DETAILS NOTE
System details note Dolby Digital 5.1 - Hindi Subtitles: English
650 ## - SUBJECT ADDED ENTRY--TOPICAL TERM
Topical term or geographic name as entry element Motion Picture
700 ## - ADDED ENTRY--PERSONAL NAME
Personal name Goyal, Devendra
700 ## - ADDED ENTRY--PERSONAL NAME
Personal name Ravi
700 ## - ADDED ENTRY--PERSONAL NAME
Personal name Ashok Kumar
700 ## - ADDED ENTRY--PERSONAL NAME
Personal name Madhubala
942 ## - ADDED ENTRY ELEMENTS (KOHA)
Koha item type CD-ROMs, DVDs, VHS
Source of classification or shelving scheme Dewey Decimal Classification
Classification part DVD
Call number suffix EKSAA
Holdings
Withdrawn status Lost status Source of classification or shelving scheme Damaged status Not for loan Home library Current library Date acquired Source of acquisition Cost, normal purchase price Total Checkouts Total Renewals Full call number Barcode Date last seen Date checked out Copy number Cost, replacement price Price effective from Koha item type
    Dewey Decimal Classification     Central Library Central Library 06/03/2010 Pioneers/1003/28-11-09/325/13-10-09 /30-11-09 69.00 40 1 DVD EKSAA DVD-006102 10/09/2018 27/08/2018 1 69.00 06/03/2010 CD-ROMs, DVDs, VHS
    Dewey Decimal Classification     Karol Bagh Karol Bagh 06/03/2010 Pioneers/1003/28-11-09/325/13-10-09 /30-11-09 69.00 9   DVD EKSAA DVD-006104 27/06/2014 25/06/2014 1 69.00 06/03/2010 CD-ROMs, DVDs, VHS
    Dewey Decimal Classification     Narela Narela 06/03/2010 Pioneers/1003/28-11-09/325/13-10-09 /30-11-09 69.00 4   DVD EKSAA DVD-006105 06/06/2011 01/06/2011 1 69.00 06/03/2010 CD-ROMs, DVDs, VHS
    Dewey Decimal Classification     Patel Nagar Patel Nagar 06/03/2010 Pioneers/1003/28-11-09/325/13-10-09 /30-11-09 69.00 14   DVD EKSAA DVD-006103 15/10/2012 22/09/2012 1 69.00 06/03/2010 CD-ROMs, DVDs, VHS
    Dewey Decimal Classification     Shahdara Branch Shahdara Branch 06/03/2010 Pioneers/1003/28-11-09/325/13-10-09 /30-11-09 69.00     DVD EKSAA DVD-006106 06/03/2010   1 69.00 06/03/2010 CD-ROMs, DVDs, VHS

© Delhi Public Library
Hit Counter
free hit counter